[Event "Chigorin Memorial 27th"]
[Site "St Petersburg"]
[Date "2019.10.13"]
[Round "9"]
[White "Ovezdurdiyeva, Jemal"]
[Black "Zelenskaya, Anastasiya"]
[Result "1-0"]
[WhiteElo "2117"]
[BlackElo "1826"]
[PlyCount "65"]
[EventDate "2019.10.05"]
[EventType "swiss"]
[EventRounds "9"]
[EventCountry "RUS"]
[SourceTitle "EXT 2021"]
[Source "ChessBase"]
[SourceDate "2020.10.23"]
[SourceVersion "1"]
[SourceVersionDate "2020.10.23"]
[SourceQuality "1"]

1. d4 d5 2. c4 dxc4 3. Nc3 e6 4. e3 Nf6 5. Bxc4 a6 6. a4 Nbd7 7. Nf3 b6 8. 0-0 Bb7 9. Qe2 c5 10. Rd1 Qb8 11. d5 exd5 12. Nxd5 Nxd5 13. Bxd5 Bxd5 14. Rxd5 Be7 15. e4 Qb7 16. Bg5 Bxg5 17. Rxg5 0-0 18. Nh4 Kh8 19. Nf5 g6 20. Nd6 Qc6 21. Qd3 f6 22. Rd5 Ne5 23. Qc3 Rad8 24. Rad1 Qxa4 25. f4 Nc6 26. b3 Nd4 27. Nf7+ Rxf7 28. Rxd8+ Kg7 29. R1xd4 cxd4 30. Rg8+ Kxg8 31. Qc8+ Rf8 32. Qe6+ Kg7 33. bxa4 1-0

[Event "Sochi Archibald op 1st"]
[Site "Sochi"]
[Date "2019.05.14"]
[Round "4"]
[White "Zelenskaya, Anastasiya"]
[Black "Yandarbiev, Ruslan"]
[Result "0-1"]
[WhiteElo "1833"]
[BlackElo "2279"]
[PlyCount "92"]
[EventDate "2019.05.12"]
[EventType "swiss"]
[EventRounds "9"]
[EventCountry "RUS"]
[SourceTitle "CBM 190 Extra"]
[Source "ChessBase"]
[SourceDate "2019.07.15"]
[SourceVersion "1"]
[SourceVersionDate "2019.07.15"]
[SourceQuality "1"]

1. e4 c5 2. Nf3 d6 3. d4 Nf6 4. Nc3 cxd4 5. Nxd4 a6 6. Be2 e5 7. Nb3 Be7 8. Be3 Be6 9. 0-0 Nbd7 10. a4 Rc8 11. a5 0-0 12. Qd2 Qc7 13. Rfd1 Rfd8 14. Bf3 h6 15. h3 Bf8 16. Nc1 b5 17. axb6 Nxb6 18. b3 d5 19. Bxb6 Qxb6 20. exd5 e4 21. Nxe4 Nxd5 22. Qe2 a5 23. Na2 Nf4 24. Qe3 Qxe3 25. fxe3 Rxd1+ 26. Bxd1 Nd5 27. Kf2 f5 28. Nd2 Bc5 29. Nc4 Nxe3 30. Nxe3 f4 31. c4 fxe3+ 32. Ke1 Rd8 33. Be2 Rd2 34. Nc3 Bb4 35. Rc1 Rb2 36. Kd1 Bf5 37. g4 Rd2+ 38. Ke1 Rc2 39. Kd1 Rd2+ 40. Ke1 Bd3 41. Bxd3 Rxd3 42. c5 Rxc3 43. Rxc3 Bxc3+ 44. Ke2 Bd4 45. c6 Bb6 46. c7 Bxc7 0-1

[Event "Sochi Amateur op 6th"]
[Site "Sochi"]
[Date "2019.04.12"]
[Round "8"]
[White "Merdanov, Ulyadin"]
[Black "Zelenskaya, Anastasiya"]
[Result "1/2-1/2"]
[WhiteElo "1490"]
[BlackElo "1813"]
[PlyCount "48"]
[EventDate "2019.04.07"]
[EventType "swiss"]
[EventRounds "9"]
[EventCountry "RUS"]
[SourceTitle "CBM 189 Extra"]
[Source "ChessBase"]
[SourceDate "2019.06.03"]
[SourceVersion "1"]
[SourceVersionDate "2019.06.03"]
[SourceQuality "1"]

1. d4 d5 2. Nf3 Nf6 3. e3 Bf5 4. Be2 e6 5. b3 Bb4+ 6. c3 Bd6 7. Bb2 Ne4 8. Nbd2 Nd7 9. 0-0 0-0 10. Nxe4 dxe4 11. Nd2 Qh4 12. g3 Qh3 13. Re1 Nf6 14. Bf1 Qh6 15. Bg2 Ng4 16. Nf1 c6 17. f4 Nf6 18. Nd2 b5 19. c4 g5 20. Qc2 gxf4 21. exf4 Bb4 22. Re2 Bg4 23. Re3 Bf5 24. Re2 Bg4 1/2-1/2

[Event "RUS Cup U15 Girls final"]
[Site "Bryansk"]
[Date "2019.01.09"]
[Round "6"]
[White "Nasybullina, Dayana"]
[Black "Zelenskaya, Anastasiya"]
[Result "0-1"]
[WhiteElo "1786"]
[BlackElo "1739"]
[PlyCount "108"]
[EventDate "2019.01.04"]
[EventType "tourn"]
[EventRounds "7"]
[EventCountry "RUS"]
[SourceTitle "CBM 189 Extra"]
[Source "ChessBase"]
[SourceDate "2019.06.03"]
[SourceVersion "1"]
[SourceVersionDate "2019.06.03"]
[SourceQuality "1"]

1. d4 Nf6 2. c4 g6 3. Nf3 Bg7 4. Nc3 d5 5. Bf4 c5 6. dxc5 Qa5 7. Qa4+ Qxa4 8. Nxa4 dxc4 9. e3 Bd7 10. Nc3 Na6 11. Bxc4 Nxc5 12. Ne5 Be6 13. Bb5+ Nfd7 14. 0-0 a6 15. Nxd7 Nxd7 16. Bxd7+ Bxd7 17. Nd5 0-0 18. Nxe7+ Kh8 19. Nd5 Bc6 20. Nc3 b5 21. a3 a5 22. Bd6 Rfd8 23. Rfd1 f5 24. h3 Kg8 25. Bc5 Kf7 26. f3 Rab8 27. Bd4 Bf8 28. Be5 Rbc8 29. Kf2 Be8 30. Rxd8 Rxd8 31. Rd1 Rxd1 32. Nxd1 b4 33. axb4 axb4 34. Bh8 Ke6 35. Ke1 Bb5 36. Nf2 Bc5 37. e4 Be3 38. g3 Bc6 39. Ke2 Bc1 40. exf5+ Kxf5 41. g4+ Kg5 42. f4+ Bxf4 43. Bg7 Bc1 44. Bf8 Bxb2 45. Bxb4 Kh4 46. Be7+ Kg3 47. Bd6+ Kg2 48. Nd3 Bb5 49. h4 Kh3 50. h5 g5 51. Ke3 Bxd3 52. Kxd3 Bg7 53. Be7 h6 54. Ke2 Kxg4 0-1

[Event "RUS Cup U15 Girls final"]
[Site "Bryansk"]
[Date "2019.01.04"]
[Round "1"]
[White "Vorobieva, Varvara"]
[Black "Zelenskaya, Anastasiya"]
[Result "1-0"]
[WhiteElo "1873"]
[BlackElo "1739"]
[PlyCount "99"]
[EventDate "2019.01.04"]
[EventType "tourn"]
[EventRounds "7"]
[EventCountry "RUS"]
[SourceTitle "CBM 189 Extra"]
[Source "ChessBase"]
[SourceDate "2019.06.03"]
[SourceVersion "1"]
[SourceVersionDate "2019.06.03"]
[SourceQuality "1"]

1. e4 c5 2. Nf3 e6 3. c3 d5 4. e5 d4 5. cxd4 cxd4 6. Bb5+ Bd7 7. Nxd4 Bxb5 8. Nxb5 Nc6 9. 0-0 a6 10. N5c3 Qd4 11. Ne2 Qxe5 12. d4 Qh5 13. Nbc3 Bd6 14. Bf4 Bxf4 15. Nxf4 Qxd1 16. Raxd1 Nge7 17. d5 exd5 18. Nfxd5 0-0-0 19. Rfe1 Rhe8 20. Kf1 Nxd5 21. Nxd5 Ne5 22. f4 Ng4 23. h3 Nf6 24. Rc1+ Kb8 25. Nxf6 gxf6 26. Rxe8 Rxe8 27. Kf2 Re6 28. Kf3 b5 29. Rc2 Kb7 30. Kg4 h6 31. Kh5 f5 32. g4 fxg4 33. hxg4 Kb6 34. f5 Rd6 35. Rf2 Rd4 36. g5 hxg5 37. Kxg5 Rd6 38. Re2 Kc5 39. Rh2 b4 40. b3 a5 41. Re2 Kb5 42. f6 Rd7 43. Kh6 Kc6 44. Kg7 Kc5 45. Kf8 Kc6 46. Ke8 Rb7 47. Re7 Rb5 48. Kxf7 Kc5 49. Re5+ Kc6 50. Rxb5 1-0

[Event "EU-ch U14 Girls 28th"]
[Site "Riga"]
[Date "2018.08.21"]
[Round "2.7"]
[White "Mironenko, Galina"]
[Black "Zelenskaya, Anastasiya"]
[Result "1-0"]
[WhiteElo "1998"]
[BlackElo "1783"]
[PlyCount "109"]
[EventDate "2018.08.20"]
[EventType "swiss"]
[EventRounds "9"]
[EventCountry "LAT"]
[SourceTitle "CBM 186 Extra"]
[Source "ChessBase"]
[SourceDate "2018.08.24"]
[SourceVersion "1"]
[SourceVersionDate "2018.08.24"]
[SourceQuality "1"]

1. Nf3 d5 2. g3 Nf6 3. Bg2 g6 4. 0-0 Bg7 5. d4 0-0 6. Nbd2 c5 7. e3 Qc7 8. Ne5 Nc6 9. Ndf3 Ne4 10. c4 Be6 11. Nxc6 bxc6 12. dxc5 dxc4 13. Qc2 c3 14. Nd4 Nxc5 15. Qxc3 Qb6 16. b4 Na4 17. Qxc6 Qxb4 18. a3 Qa5 19. Bd2 Qxd2 20. Qxa4 Rab8 21. Rad1 Qa2 22. Nxe6 Qxe6 23. Qxa7 Rb6 24. Qa5 Rfb8 25. Qc5 Rc8 26. Qa5 Bc3 27. Qa7 Ra6 28. Qb7 Rxa3 29. Bd5 Qa6 30. Qxa6 Rxa6 31. Bb7 Rac6 32. Bxc6 Rxc6 33. Rd8+ Kg7 34. Rc1 Ba5 35. Rxc6 Bxd8 36. f4 e6 37. e4 h6 38. Kf2 Bf6 39. e5 Bd8 40. Kf3 h5 41. Ke4 Ba5 42. Kd4 Bb4 43. Rc2 Be7 44. Kc4 g5 45. Kd4 Kg6 46. Ke4 g4 47. Rc6 f5+ 48. exf6 Kxf6 49. f5 Kg7 50. Rxe6 Bc5 51. Kf4 Bg1 52. Re1 Bf2 53. Re2 Bd4 54. Kg5 Bf6+ 55. Kxh5 1-0

[Event "RUS-chT U14 Girls"]
[Site "Sochi"]
[Date "2017.05.08"]
[Round "6.2"]
[White "Strukova, Ksenia"]
[Black "Zelenskaya, Anastasiya"]
[Result "0-1"]
[WhiteElo "1762"]
[BlackElo "1738"]
[PlyCount "66"]
[EventDate "2017.05.01"]
[EventType "team-tourn"]
[EventRounds "7"]
[EventCountry "RUS"]
[SourceTitle "CBM 178 Extra"]
[Source "ChessBase"]
[SourceDate "2017.06.22"]
[SourceVersion "1"]
[SourceVersionDate "2017.06.22"]
[SourceQuality "1"]

1. e4 c5 2. Nf3 Nc6 3. d4 cxd4 4. Nxd4 g6 5. c4 Nf6 6. Nc3 Nxd4 7. Qxd4 d6 8. f3 Bg7 9. Be3 0-0 10. Qd2 Nd7 11. Be2 a5 12. 0-0 Nc5 13. Rfd1 Be6 14. b3 Qb6 15. Rab1 Rfc8 16. Qc1 Be5 17. a3 Qc6 18. Nd5 Bxd5 19. exd5 Qd7 20. Bd4 Bxd4+ 21. Rxd4 a4 22. Qh6 Qf5 23. Rbd1 axb3 24. Rh4 g5 25. Rg4 f6 26. f4 Qg6 27. fxg5 Qxh6 28. gxh6+ Kh8 29. Rg3 Rxa3 30. Rb1 Rca8 31. Bg4 Ra1 32. Rxa1 Rxa1+ 33. Kf2 Ne4+ 0-1

[Event "RUS-chT U14 Girls"]
[Site "Sochi"]
[Date "2017.05.01"]
[Round "1.1"]
[White "Lysokon, Polina"]
[Black "Zelenskaya, Anastasiya"]
[Result "1/2-1/2"]
[WhiteElo "1610"]
[BlackElo "1738"]
[PlyCount "81"]
[EventDate "2017.05.01"]
[EventType "team-tourn"]
[EventRounds "7"]
[EventCountry "RUS"]
[SourceTitle "CBM 178 Extra"]
[Source "ChessBase"]
[SourceDate "2017.06.22"]
[SourceVersion "1"]
[SourceVersionDate "2017.06.22"]
[SourceQuality "1"]

1. e4 c5 2. Nf3 Nc6 3. Bb5 g6 4. Bxc6 dxc6 5. 0-0 Bg7 6. d3 Bg4 7. Nbd2 e5 8. h3 Bxf3 9. Nxf3 h6 10. Nh2 Nf6 11. Be3 Qd6 12. Qc1 g5 13. Re1 Nh5 14. Nf1 Nf4 15. Ng3 b6 16. Nf5 Qg6 17. Kh2 Bf6 18. g3 Ne6 19. Nd6+ Kd7 20. Nf5 Nd4 21. Bxd4 exd4 22. f4 h5 23. Qd2 Rag8 24. Qf2 Bd8 25. fxg5 Qxg5 26. e5 Bc7 27. Qf4 Qxf4 28. gxf4 h4 29. Rg1 f6 30. Rae1 Rxg1 31. Rxg1 fxe5 32. Rg7+ Kd8 33. Ne7 Rh6 34. Rg6 Rxg6 35. Nxg6 exf4 36. Nxh4 Ke7 37. Kg2 Kf6 38. Kf3 Kg5 39. Ng2 Bd6 40. Ke4 Bc7 41. Kf3 1/2-1/2

[Event "Wch U12 Girls"]
[Site "Batumi"]
[Date "2016.10.28"]
[Round "9"]
[White "Mungunzul, Bat Erdene"]
[Black "Zelenskaya, Anastasiya"]
[Result "1-0"]
[WhiteElo "1713"]
[BlackElo "1791"]
[PlyCount "89"]
[EventDate "2016.10.19"]
[EventType "swiss"]
[EventRounds "11"]
[EventCountry "GEO"]
[SourceTitle "EXT 2018"]
[Source "ChessBase"]
[SourceDate "2017.10.13"]
[SourceVersion "1"]
[SourceVersionDate "2017.10.13"]
[SourceQuality "1"]

1. d4 d5 2. c4 c6 3. Nc3 Nf6 4. Nf3 dxc4 5. a4 Bf5 6. Ne5 Nbd7 7. Nxc4 Qc7 8. g3 e5 9. dxe5 Nxe5 10. Bf4 Nfd7 11. Bg2 g5 12. Ne3 gxf4 13. Nxf5 0-0-0 14. Qc2 Nc5 15. 0-0 fxg3 16. hxg3 a5 17. Rac1 h5 18. Rfd1 Kb8 19. Ne4 Nxe4 20. Rxd8+ Qxd8 21. Bxe4 Bb4 22. Rd1 Qf6 23. Nh4 Rg8 24. Bg2 Ng4 25. e3 Rd8 26. Rxd8+ Qxd8 27. Bf3 Be1 28. Bxg4 hxg4 29. Qe2 Qd2 30. Kf1 Qxe2+ 31. Kxe2 Bb4 32. Nf5 Bf8 33. e4 Kc7 34. Ne3 b5 35. axb5 cxb5 36. Kd3 Bc5 37. Nxg4 a4 38. f4 Kd6 39. Nh6 Ke6 40. Nf5 Kd7 41. Nd4 b4 42. Kc4 a3 43. bxa3 Bxd4 44. Kxd4 bxa3 45. Kc3 1-0

[Event "Wch U12 Girls"]
[Site "Batumi"]
[Date "2016.10.20"]
[Round "2"]
[White "Zelenskaya, Anastasiya"]
[Black "Meiyappan, Annapoorni"]
[Result "1-0"]
[WhiteElo "1791"]
[BlackElo "1561"]
[PlyCount "91"]
[EventDate "2016.10.19"]
[EventType "swiss"]
[EventRounds "11"]
[EventCountry "GEO"]
[SourceTitle "EXT 2018"]
[Source "ChessBase"]
[SourceDate "2017.10.13"]
[SourceVersion "1"]
[SourceVersionDate "2017.10.13"]
[SourceQuality "1"]

1. e4 Nc6 2. d4 d5 3. e5 Bf5 4. Nf3 e6 5. Be2 Qd7 6. 0-0 h6 7. c3 Nge7 8. Nbd2 Bh7 9. Nb3 Ng6 10. Be3 b6 11. a4 Nce7 12. a5 Nf5 13. axb6 cxb6 14. Ra6 Nxe3 15. fxe3 Be7 16. Qa1 0-0 17. Qa2 Nh4 18. Ra1 Nxf3+ 19. gxf3 Bc2 20. Nd2 Bh4 21. Rxa7 Rxa7 22. Qxa7 Qd8 23. f4 g5 24. Ra6 gxf4 25. exf4 Bg5 26. Qxb6 Bxf4 27. Qxd8 Rxd8 28. Nf1 Rb8 29. b4 Rc8 30. b5 Rxc3 31. Rc6 Rxc6 32. bxc6 Ba4 33. c7 Bd7 34. Ba6 Bc1 35. Kf2 f6 36. exf6 Kf7 37. Ne3 Kxf6 38. Ng4+ Ke7 39. Ne5 Kd6 40. Nxd7 Kxc7 41. Ne5 Bf4 42. h3 Kd6 43. Nd3 Bd2 44. h4 Bc3 45. Ke3 e5 46. Nxe5 1-0

[Event "Gelendzhik op 11th"]
[Site "Gelendzhik"]
[Date "2015.01.12"]
[Round "9"]
[White "Grunin, Denis"]
[Black "Zelenskaya, Anastasiya"]
[Result "1-0"]
[WhiteElo "1622"]
[BlackElo "1415"]
[PlyCount "63"]
[EventDate "2015.01.04"]
[EventType "swiss"]
[EventRounds "9"]
[EventCountry "RUS"]
[SourceTitle "EXT 2017"]
[Source "ChessBase"]
[SourceDate "2016.10.25"]
[SourceVersion "1"]
[SourceVersionDate "2016.10.25"]
[SourceQuality "1"]

1. d4 d5 2. c4 e6 3. Nc3 Nf6 4. Bg5 Be7 5. e3 0-0 6. Nf3 c6 7. cxd5 exd5 8. Bd3 Re8 9. 0-0 h6 10. Bh4 Ne4 11. Bxe7 Qxe7 12. Nd2 Bf5 13. Qc2 Nd7 14. a3 Ndf6 15. b4 Nxd2 16. Qxd2 Ne4 17. Bxe4 dxe4 18. Rac1 Qg5 19. Kh1 Qh5 20. Rg1 Re6 21. b5 Rg6 22. Ne2 cxb5 23. Nf4 Qg5 24. Nxg6 Qxg6 25. Rc5 Bd7 26. Rgc1 Bc6 27. d5 Qd6 28. Qb4 Be8 29. Rxb5 Qd8 30. Rxb7 Rc8 31. Rxc8 Qxc8 32. Rb8 1-0

[Event "Gelendzhik op 11th"]
[Site "Gelendzhik"]
[Date "2015.01.11"]
[Round "8"]
[White "Zelenskaya, Anastasiya"]
[Black "Ivanov, Artem"]
[Result "0-1"]
[WhiteElo "1415"]
[BlackElo "1557"]
[PlyCount "42"]
[EventDate "2015.01.04"]
[EventType "swiss"]
[EventRounds "9"]
[EventCountry "RUS"]
[SourceTitle "EXT 2017"]
[Source "ChessBase"]
[SourceDate "2016.10.25"]
[SourceVersion "1"]
[SourceVersionDate "2016.10.25"]
[SourceQuality "1"]

1. f4 e5 2. fxe5 d6 3. exd6 Bxd6 4. g3 h5 5. Nc3 h4 6. d4 hxg3 7. Nf3 gxh2 8. Be3 Bg3+ 9. Kd2 Bg4 10. Kc1 Bxf3 11. exf3 Ne7 12. Ne4 Nf5 13. Nxg3 Nxg3 14. Qe1 Qe7 15. Bg2 Nxh1 16. Bxh1 Nd7 17. a4 Nb6 18. Qd2 Nc4 19. Bg5 f6 20. Qc3 fxg5 21. b3 Qe3+ 0-1